MAV : VIII Mostra d'Arts Vives : Castell de Montesquiu : 20, 21, 22 de juliol de 2007 : memòria VIII Mostra d'Arts Vives :
Descripción Física:
69 p. : il. col. ; 29 cm
Materias:
Mostra d'Arts Vives -- Congressos
MARC
| LEADER | 00000nam a2200000Ia 4500 | ||
|---|---|---|---|
| 001 | 19452 | ||
| 008 | 160829s2007 xx 000 0 cat d | ||
| 080 | |a B-2-138 | ||
| 100 | |a Mostra d'Arts Vives (8a : 2007 : Montesquiu) |9 27095 | ||
| 245 | |a MAV : |b VIII Mostra d'Arts Vives : |b Castell de Montesquiu : |b 20, 21, 22 de juliol de 2007 : |b memòria | ||
| 260 | |a Barcelona : |b Diputació de Barcelona : |b Parc del Castell de Montesquiu, |c 2007 | ||
| 300 | |a 69 p. : |b il. col. ; |c 29 cm | ||
| 590 | |a A la coberta: Música, escena, festa | ||
| 650 | |a Mostra d'Arts Vives |x Congressos |9 27096 | ||
| 710 | 1 | |a Parc del Castell de Montesquiu (Catalunya) |9 52663 | |
| 710 | 1 | |a Barcelona (Catalunya : Província). |b Diputació |9 52408 | |
| 901 | |a Arxiu | ||
| 942 | |n 1 | ||
| 952 | |0 0 |1 0 |4 0 |6 B2138 |7 1 |9 44267 |a Arxiu |b Arxiu |d 2016-12-01 |l 0 |o B-2-138 |p 19452 |r 2016-12-01 00:00:00 |w 2016-12-01 |y ARXIU | ||
| 999 | |c 46847 |d 46847 | ||